សិក្សាទស្សនៈវិទ្យា (Record no. 8413)

000 -LEADER
fixed length control field 00305nam a22001097a 4500
040 ## - CATALOGING SOURCE
Transcribing agency SK
082 ## - DEWEY DECIMAL CLASSIFICATION NUMBER
Classification number 338
100 ## - MAIN ENTRY--AUTHOR NAME
Personal name វ៉ាន់ ឌីកាអុន
245 ## - TITLE STATEMENT
Title សិក្សាទស្សនៈវិទ្យា
260 ## - PUBLICATION, DISTRIBUTION, ETC. (IMPRINT)
Place of publication Phnom Penh
Name of publisher វ៉ន់ ឌីកាអុន
Year of publication 1973
942 ## - ADDED ENTRY ELEMENTS (KOHA)
Koha item type សៀវភៅភាសាខ្មែរ
952 ## - LOCATION AND ITEM INFORMATION (KOHA)
Withdrawn status [LOCAL, KOHA] 0
952 ## - LOCATION AND ITEM INFORMATION (KOHA)
Withdrawn status [LOCAL, KOHA] 0
952 ## - LOCATION AND ITEM INFORMATION (KOHA)
Withdrawn status [LOCAL, KOHA] 0
952 ## - LOCATION AND ITEM INFORMATION (KOHA)
Withdrawn status [LOCAL, KOHA] 0
952 ## - LOCATION AND ITEM INFORMATION (KOHA)
Withdrawn status [LOCAL, KOHA] 0
952 ## - LOCATION AND ITEM INFORMATION (KOHA)
Withdrawn status [LOCAL, KOHA] 0
952 ## - LOCATION AND ITEM INFORMATION (KOHA)
Withdrawn status [LOCAL, KOHA] 0
952 ## - LOCATION AND ITEM INFORMATION (KOHA)
Withdrawn status [LOCAL, KOHA] 0
952 ## - LOCATION AND ITEM INFORMATION (KOHA)
Withdrawn status [LOCAL, KOHA] 0
952 ## - LOCATION AND ITEM INFORMATION (KOHA)
Withdrawn status [LOCAL, KOHA] 0
Holdings
Permanent Location Date acquired Koha item type Lost status Shelving location Barcode Current Location Full call number
Library Block C2016-07-27សៀវភៅភាសាខ្មែរ C199RUA035067Library Block C338 វ៉ាន់ 1973 C199
Library Block C2016-07-27សៀវភៅភាសាខ្មែរ C199RUA035007Library Block C338 វ៉ាន់ 1973 C199
Library Block C2016-07-27សៀវភៅភាសាខ្មែរ C199RUA036498Library Block C338 វ៉ាន់ 1973 C199
Library Block C2016-07-27សៀវភៅភាសាខ្មែរ C199 RUA034956Library Block C338 វ៉ាន់ 1973 C199
Library Block C2016-07-27សៀវភៅភាសាខ្មែរ C199RUA035076Library Block C338 វ៉ាន់ 1973 C199
Library Block C2016-07-27សៀវភៅភាសាខ្មែរ C070RUA034836Library Block C338 វ៉ាន់ 1973 C070
Library Block C2016-07-27សៀវភៅភាសាខ្មែរ C199RUA035074Library Block C338 វ៉ាន់ 1973 C199
Library Block C2016-07-27សៀវភៅភាសាខ្មែរ C199RUA036558Library Block C338 វ៉ាន់ 1973 C199
Library Block C2016-07-27សៀវភៅភាសាខ្មែរ C199RUA035014Library Block C338 វ៉ាន់ 1973 C199
Library Block C2016-07-27សៀវភៅភាសាខ្មែរ C199RUA036618Library Block C338 វ៉ាន់ 1973 C199
មជ្ឈមណ្ឌលឯការនៃសាកលវិទ្យាល័យភូមិន្ទកសិកម្មចំការដូង

Powered by Koha